000 01158nam a2200265Ia 4500
003 OSt
005 20220930094758.0
006 a|||||r|||| 00| 0
007 ta
008 220926b |||||||| |||| 00| 0 hin d
024 _a19110
037 _cTheses
040 _aCRL
_cCRL
_bhin
041 _2hin
_ahin
100 _aविजय देवी
110 _aदिल्ली विश्वविद्यालय. कला संकाय. हिन्दी विभाग
245 0 _aमहादेवी वर्मा के साहित्य में परिवेश बोध और उसकी सरंचनाएँ
246 _aMahādevī varmā ke sāhitya mean parivesh bodh aur usakī saranchanāeँ
260 _c2013
650 _aहिन्दी साहित्य
700 _a डॉ. मुकेश गर्ग, गा.
_9556271
700 _aदिल्ली विश्वविद्यालय. कला संकाय. हिन्दी विभाग
942 _cDIS
_2CC
999 _c887668
_d887668